Jókai Napok 5 1979-1981 Szellemi műhely, fórum lett

Bibliographic Details
Main Author: Kiss Péntek, József, 1951- (Author)
Format: Article
Language:Hungarian
PhysicalDescription:Fotogr. 1
Subjects:

MARC

LEADER 00000nab a2200000 a 4500
001 vtls000486473
003 SK-MaSNL
005 20260318124537.0
008 160202c1993 xo 0 hun
015 |a SNBRB19rr/mm-uuuuu 
035 |a CL0486610 
040 |a SNKBUCL  |b slo  |c SNKBUCL  |e AACR2 
041 0 |a hun 
044 |a xo  |c SK 
080 |a 792.091.4.077(437.6=945.11)  |2 1981 
080 |a 792.077  |2 1981 
100 1 |a Kiss Péntek, József,  |d 1951-  |4 aut  |9 110167 
245 1 0 |a Jókai Napok 5  |b 1979-1981 Szellemi műhely, fórum lett  |c József Kiss Péntek 
300 |b Fotogr. 1 
611 2 7 |a Jókaiho dni, Komárno  |d (1979-1981 :  |c Komárno, Slovensko)  |2 snkbucl  |9 1249275 
650 0 7 |a maďarské ochotnícke divadlo  |2 snkbucl  |9 84531 
655 7 |a články z novín a časopisov  |2 snkbucl  |9 267496 
773 0 |t A Hét  |g Roč. 38, č. 18 (1993), s. 4-5 
850 |a Slovenská národná knižnica v Martine  |a DSG001 
852 |a SNK  |b KIS3GCP 
958 |a RK 
958 |a HU 
992 |a RBX 
999 |c 2216658  |d 2218588